Markfield Investments Ltd v Evans (Record no. 67441)
[ view plain ]
| 000 -LEADER | |
|---|---|
| fixed length control field | 01496cam a2200241 4500 |
| 001 - CONTROL NUMBER | |
| control field | ABS64186 |
| 008 - FIXED-LENGTH DATA ELEMENTS--GENERAL INFORMATION | |
| fixed length control field | 000000n2001 000 0 eng u |
| 035 ## - SYSTEM CONTROL NUMBER | |
| System control number | (Sirsi) u113235 |
| 245 ## - TITLE STATEMENT | |
| Title | Markfield Investments Ltd v Evans |
| 260 ## - PUBLICATION, DISTRIBUTION, ETC. | |
| Date of publication, distribution, etc. | 2001 |
| 490 ## - SERIES STATEMENT | |
| Series statement | Property and Compensation Reports |
| Volume/sequential designation | [2001] 81 P&CR 473-478(5) |
| 520 ## - SUMMARY, ETC. | |
| Summary, etc. | CA 9 November 2000. In response to a claim for possession of a property by the appellant (M) in 1999 the respondent (E) claimed to have been in continuous and exclusive possession since 1977, thus barring M's action under the Limitation Act 1990. M claimed that the property was vacant in 1978/79 and argued that a claim for possession brought by M's predecessor in title in 1990 but dismissed for want of prosecution in 1999 stopped 'time running' in favour of E's claim to adverse possession. The CA upheld the CC ruling that the issue of a writ did not prevent 'time running' and dismissed the appeal. Copy of the judgement available at http://porch.ccta.gov.uk/courtser/judgements.nsf/Search/400BA8DD898E8CEF80256992004A4BF4?OpenDocument |
| 590 ## - LOCAL NOTE (RLIN) | |
| Local note | ABS |
| 650 ## - SUBJECT ADDED ENTRY--TOPICAL TERM | |
| Topical term or geographic name entry element | ADVERSE POSSESSION |
| 650 ## - SUBJECT ADDED ENTRY--TOPICAL TERM | |
| Topical term or geographic name entry element | LAND REGISTRATION ACT 1925 |
| 650 ## - SUBJECT ADDED ENTRY--TOPICAL TERM | |
| Topical term or geographic name entry element | LIMITATION ACT 1990 |
| 650 ## - SUBJECT ADDED ENTRY--TOPICAL TERM | |
| Topical term or geographic name entry element | MARKFIELD INVESTMENTS LTD V EVANS |
| 650 ## - SUBJECT ADDED ENTRY--TOPICAL TERM | |
| Topical term or geographic name entry element | POSSESSION |
| 650 ## - SUBJECT ADDED ENTRY--TOPICAL TERM | |
| Topical term or geographic name entry element | POSSESSION CLAIMS |
| 690 ## - LOCAL SUBJECT ADDED ENTRY--TOPICAL TERM (OCLC, RLIN) | |
| Topical term or geographic name as entry element | PROPERTY AND LAND LAW-CASE LAW |
| 856 ## - ELECTRONIC LOCATION AND ACCESS | |
| Uniform Resource Identifier | <a href="https://porch.ccta.gov.uk/courtser/judgements.nsf/Search/400BA8DD898E8CEF80256992004A4BF4?OpenDocument">https://porch.ccta.gov.uk/courtser/judgements.nsf/Search/400BA8DD898E8CEF80256992004A4BF4?OpenDocument</a> |
| 942 ## - ADDED ENTRY ELEMENTS (KOHA) | |
| Suppress in OPAC | 0 |
| Withdrawn status | Lost status | Source of classification or shelving scheme | Damaged status | Not for loan | Home library | Current library | Shelving location | Date acquired | Total Checkouts | Full call number | Barcode | Date last seen | Copy number | Price effective from | Koha item type |
|---|---|---|---|---|---|---|---|---|---|---|---|---|---|---|---|
| Dewey Decimal Classification | London | London | Journal article | 22/06/2001 | ABS64186 | 113235-1001 | 06/08/2019 | 1 | 06/08/2019 | Law report |